000 00586nam a2200217Ia 4500
005 20260115172831.0
008 008 260114s9999 xx 000 0 eng d
020 _a9781847421593
037 _aEBOOK
040 _aCRL
_beng
_cCRL
041 _aeng
_2eng
084 _qCRL
100 _aEllingsæter/Leira
_9879259
245 0 _aPoliticising Parenthood in Scandinavia
260 _bBristol University Press
260 _bCambridge University Press
260 _c2022
856 _uhttps://doi.org/10.46692/9781847421593
942 _cEBOOK
999 _c1477864
_d1477864